000 01192nam0a22002771 4500
001 v19\rc\1418083
005 20260406162713.0
035 _a(NLR Aleph) 005206868
090 _a5367605
_c5367605
100 _a20060512d1882 |||y0rusy50 ca
101 0 _arus
102 _aRU
105 _ach z |||||
200 1 _aСкобелев
_eЛичные воспоминания и впечатления
_f[Соч.] В.И. Немировича-Данченко
_gС 4 грав. и факс. письма М.Д. Скобелева
210 _aСанкт-Петербург
_cА.Ф. Девриен
_d1882
215 _a[4], 358 с., [5] л. портр., факс.
_d23
700 1 _8rus
_7ca
_aНемирович-Данченко
_bВ. И.
_f1848-1936
_gВасилий Иванович
_3RU\NLR\AUTH\779629
_9119446
702 1 _4570
_8rus
_7ca
_aСкобелев
_bМ. Д.
_f1843-1882
_gМихаил Дмитриевич
_3RU\NLR\AUTH\7716067
_9125711
801 0 _aRU
_bNLR
_c20060512
_gpsbo
801 0 _aRU
_bRuMoRGB
_c20060512
_2psbo
801 1 _aRU
_bProSoft-M
_c20060512
_2rusmarc
801 2 _aRU
_bNLR
_c20101117
_2rusmarc
852 _aNLR
_j18.156.5.34
852 _aNLR
_j133/2893
942 _cBOOK
980 _aNB